<?xml version="1.0" encoding="UTF-8"?>
<record
    xmlns:xsi="http://www.w3.org/2001/XMLSchema-instance"
    xsi:schemaLocation="http://www.loc.gov/MARC21/slim http://www.loc.gov/standards/marcxml/schema/MARC21slim.xsd"
    xmlns="http://www.loc.gov/MARC21/slim">

  <leader>01111nam a2200265Ia 4500</leader>
  <controlfield tag="003">OSt</controlfield>
  <controlfield tag="005">20241018135312.0</controlfield>
  <controlfield tag="008">200731s9999    xx            000 0 und d</controlfield>
  <datafield tag="020" ind1=" " ind2=" ">
    <subfield code="a">7542634283</subfield>
  </datafield>
  <datafield tag="020" ind1=" " ind2=" ">
    <subfield code="a">9787542634283</subfield>
  </datafield>
  <datafield tag="040" ind1=" " ind2=" ">
    <subfield code="c">0</subfield>
  </datafield>
  <datafield tag="041" ind1=" " ind2=" ">
    <subfield code="a">chi</subfield>
  </datafield>
  <datafield tag="050" ind1=" " ind2=" ">
    <subfield code="a">B3258.H324</subfield>
    <subfield code="b">.H33 2011</subfield>
  </datafield>
  <datafield tag="245" ind1=" " ind2=" ">
    <subfield code="a">&#x54C8;&#x8D1D;&#x9A6C;&#x65AF;&#x7684;&#x5B97;&#x6559;&#x89C2;&#x53CA;&#x5176;&#x53CD;&#x601D;</subfield>
    <subfield code="b"> /</subfield>
    <subfield code="c">&#x5F20;&#x5E86;&#x718A;, &#x6797;&#x5B50;&#x6DF3;&#x7F16;</subfield>
  </datafield>
  <datafield tag="246" ind1=" " ind2=" ">
    <subfield code="a">&#x54C8;&#x8C9D;&#x99AC;&#x65AF;&#x7684;&#x5B97;&#x6559;&#x89C0;&#x53CA;&#x5176;&#x53CD;&#x601D;</subfield>
  </datafield>
  <datafield tag="260" ind1=" " ind2=" ">
    <subfield code="a">&#x4E0A;&#x6D77;:</subfield>
    <subfield code="b">&#x4E0A;&#x6D77;&#x4E09;&#x806F;&#x66F8;&#x5E97;,</subfield>
    <subfield code="c">2011</subfield>
  </datafield>
  <datafield tag="300" ind1=" " ind2=" ">
    <subfield code="a">2, 2, 445 p.</subfield>
    <subfield code="b">;</subfield>
    <subfield code="c">24 cm.</subfield>
  </datafield>
  <datafield tag="505" ind1=" " ind2=" ">
    <subfield code="a">&#x300A;&#x54C8;&#x8D1D;&#x9A6C;&#x65AF;&#x7684;&#x5B97;&#x6559;&#x89C2;&#x53CA;&#x5176;&#x53CD;&#x601D;&#x300B;(&#x4F5C;&#x8005;&#x5F20;&#x5E86;&#x718A;&#x3001;&#x6797;&#x5B50;&#x6DF3;)&#x6536;&#x5F55;&#x4E86;&#x300A;&#x54C8;&#x8D1D;&#x9A6C;&#x65AF;&#x548C;&#x62C9;&#x8F9B;&#x683C;&#x8BBA;&#x7406;&#x6027;&#x4E0E;&#x5B97;&#x6559;&#x5BF9;&#x8BDD;&#x7684;&#x53EF;&#x80FD;&#x6027;&#x548C;&#x5FC5;&#x8981;&#x6027;&#x300B;&#x3001;&#x300A;&#x54C8;&#x8D1D;&#x9A6C;&#x65AF;&#x7684;&#x201C;&#x5B97;&#x6559;&#x8F6C;&#x5411;&#x201D;&#x53CA;&#x5176;&#x5C40;&#x9650;&#x300B;&#x3001;&#x300A;&#x6C49;&#x8BED;&#x795E;&#x5B66;&#x5728;&#x516C;&#x5171;&#x9886;&#x57DF;&#x4E2D;&#x7684;&#x8BBA;&#x8FF0;&#x8FDB;&#x8DEF;&#x2014;&#x2014;&#x5BF9;&#x54C8;&#x8D1D;&#x9A6C;&#x65AF;&#x601D;&#x60F3;&#x7684;&#x4E00;&#x79CD;&#x53CD;&#x601D;&#x6027;&#x632A;&#x7528;&#x300B;&#x7B49;&#x7814;&#x7A76;&#x6587;&#x7AE0;&#x3002;

&#x672C;&#x4E66;&#x9002;&#x5408;&#x4ECE;&#x4E8B;&#x76F8;&#x5173;&#x7814;&#x7A76;&#x5DE5;&#x4F5C;&#x7684;&#x4EBA;&#x5458;&#x53C2;&#x8003;&#x9605;&#x8BFB;&#x3002;</subfield>
  </datafield>
  <datafield tag="650" ind1=" " ind2=" ">
    <subfield code="a">Critical theory.</subfield>
  </datafield>
  <datafield tag="650" ind1=" " ind2=" ">
    <subfield code="a">Habermas, J&#xFC;rgen.</subfield>
  </datafield>
  <datafield tag="650" ind1=" " ind2=" ">
    <subfield code="a">Philosophical theology.</subfield>
  </datafield>
  <datafield tag="700" ind1=" " ind2=" ">
    <subfield code="a">&#x5F20;&#x5E86;&#x718A;</subfield>
  </datafield>
  <datafield tag="700" ind1=" " ind2=" ">
    <subfield code="a">&#x6797;&#x5B50;&#x6DF3;</subfield>
  </datafield>
  <datafield tag="942" ind1=" " ind2=" ">
    <subfield code="2">ddc</subfield>
    <subfield code="c">CB</subfield>
  </datafield>
  <datafield tag="952" ind1=" " ind2=" ">
    <subfield code="0">0</subfield>
    <subfield code="1">0</subfield>
    <subfield code="4">0</subfield>
    <subfield code="7">0</subfield>
    <subfield code="a">GETS</subfield>
    <subfield code="b">GETS</subfield>
    <subfield code="c">GEN</subfield>
    <subfield code="d">2020-07-09</subfield>
    <subfield code="l">0</subfield>
    <subfield code="o">B3258.H324 .H33 2011</subfield>
    <subfield code="p">00000145</subfield>
    <subfield code="r">2020-07-09 00:00:00</subfield>
    <subfield code="w">2020-07-09</subfield>
    <subfield code="y">CB</subfield>
  </datafield>
  <datafield tag="999" ind1=" " ind2=" ">
    <subfield code="c">145</subfield>
    <subfield code="d">145</subfield>
  </datafield>
</record>
